| 000 | 00534nam a2200205Ia 4500 | ||
|---|---|---|---|
| 008 | 210210b2011 xxu||||| |||| 00| 0 eng d | ||
| 020 | _a9788131310076 | ||
| 041 | _aeng | ||
| 082 | _a620.85 SOHE | ||
| 100 | _aSOHAL (Harvinder S) | ||
| 245 | _aEnvironment and biotechnology | ||
| 260 |
_aNew Delhi _bAPH Publishing Corporation _c2011 |
||
| 300 | _avi,217 | ||
| 650 | _aEnvironment | ||
| 650 | _abiotechnology | ||
| 650 | _aand | ||
| 690 | _aEnvironmental Biotechnology | ||
| 700 | _aSRIVASTAVA (Ashok K) | ||
| 906 | _a066096 | ||
| 999 |
_c146739 _d146739 |
||